000 01367nam a2200313 a 4500
001 000020888
003 DO-SdBNP
005 20240305120454.0
008 100823s1998 dr abd 001 0 spa d
040 _aDO-SdBNP
_bspa
_cBNPHU
049 _aBNPD
082 4 _a972.93
_bE79L
_222
245 0 0 _aEste lado del país llamado el norte /
_crelatores Danilo de los Santos, Carlos Fernández Rocha.
260 _aSanto Domingo :
_bDe Colores,
_c1998.
300 _a429 p. :
_bil., mapas, tablas ;
_c23 cm.
504 _aIncluye bibliografía y notas al pie de páginas.
505 0 _gPresentación /
_rJosé Rafael Lantigua --
_tLa región --
_tLas provincias --
_tLa cultura --
_gLos colaboradores.
650 4 _aCiudades y pueblos
_zRepública Dominicana
_9784
650 4 _aCiudades y pueblos
_zRepública Dominicana, Norte
_943782
650 4 _aCultura
_zRepública Dominicana
_91983
651 4 _aRepública Dominicana, Norte
_xCondiciones sociales
_943783
651 4 _aRepública Dominicana, Norte
_xCondiciones económicas
_943784
651 4 _aRepública Dominicana
_xVida social y costumbres
_9405
651 4 _aCibao (República Dominicana)
_xVida social y costumbres
_926107
700 1 _aSantos, Danilo de los,
_d1943-2018
_ecomp.
_910278
700 1 _aFernández Rocha, Carlos,
_ecomp.
_96526
910 _aValidado. Control de calidad EMS
942 _2ddc
_cLBS1
999 _c20391
_d20391